000 00220nam a2200097Ia 4500
005 20251222175817.0
008 251222s9999||||xx |||||||||||||| ||spa||
082 _aDVD0070/D18/2000
245 0 _aBilly Elliot:
942 _cDVD
999 _c40341
_d40341